| 000 | 00507nam a2200205Ia 4500 | ||
|---|---|---|---|
| 003 | OSt | ||
| 005 | 20230412112748.0 | ||
| 008 | 210423s2002 xx 000 0 und d | ||
| 020 | _a415195500 | ||
| 040 | _cAL | ||
| 041 | _aeng | ||
| 082 | _a658.45 HARP | ||
| 100 |
_aHARTLEY (Peter);BRUCKMANN (Clive G). _986824 |
||
| 245 | _aBusiness communication. | ||
| 260 |
_aLondon _bRoutledge _c2002 |
||
| 300 |
_axvi,382 _bPB |
||
| 365 |
_b595 _cINR |
||
| 906 | _aBusiness ; communication. | ||
| 942 |
_2ddc _cBK |
||
| 999 |
_c159593 _d159593 |
||